000
00275nam a22001217a 4500
020
_a
0-408-00268-9
082
_a
621.38412 KIN'R
100
_a
KING, GORDON J
_9
74950
245
_a
RADIO CIRCUITS EXPLAINED
260
_a
LONDON
_b
NEWNES
_c
1977
300
_a
145P
942
_c
BK
999
_c
582340
_d
582340